000 00911nam a2200265Ia 4500
001 22035
005 20260320113336.0
008 260320s9999||||xx |||||||||||||| ||und||
020 _a9789972048401
041 _aESP
082 _a344.528
_bC25
100 _aCandia Aguilar, Omar J.,
_eAUT
245 0 _aEl delito de colusión y la prueba por indicios :
_buna mirada desde la jurisprudencia y la doctrina
246 _a
_5
_b
250 _aPrimera edición
260 _aLima :
_bEditora y Librería Jurídica Grijley,
_c2025
300 _a163 páginas :
_bcuadros ;
_c21 cm.
_e
440 _a
_n
_v
650 _aCIS
653 _aDerecho penal; Administración pública; Prueba por indicios; Derecho penal administrativo
654 _aDER
700 _a
_c
856 _uhttps://0u214o9ke-y-https-app-vlex-com.itmsp.museknowledge.com/
_zVéase además: Base de datos Vlex
942 _cLIB
_dJUS
_fMAT
_2ddc
_n
999 _c22035
_d22035